000 00461cam a22001337a 4500
008 180718b1958 xxu||||| |||| 00| 0 eng d
082 _aY26x54 Ut3
245 _aUtilization of primary energy in India
_cby National Council of Applied Economic Research, New Delhi
260 _aBombay
_bAsia
_c1958
300 _a70p.
440 _aOccasional papers no. 3
650 _aPower resources --India
700 _aNational Council of Applied Economic Research, New Delhi
999 _c482154
_d482154